Konštrukcie pozemných stavieb (schody)

Podrobná bibliografia
Hlavní autori: Hykš, Pavol, 1932-2006 (Autor), Žideková, Soňa (Autor), Gáborík, Milan (Autor)
Médium: Kniha
Jazyk:slovenčina
Fyzický popis:75, [5] s., 127 s. tab. príl. grafy, ilustr., tab. 29 cm
Vydavateľské údaje: Bratislava Slovenská vysoká škola technická v Bratislave, Stavebná fakulta 1970
Vydanie:2. nezmen. vyd.
Predmet:

MARC

LEADER 00000cam a2200000 a 4500
001 vtls008332901
003 SK-MaSNL
005 20260301220625.0
008 231120s1970 xo da e p 000 0 slo
015 |a SNBA1970/07-01431 
035 |a SK01SNK19700025118 
035 |a urn:nbn:sk:snk-am3hcvv 
035 |a 71701D24-AED2-4784-AAA3-65094CC7152B 
035 |a urn:nbn:sk:snk-am00a17j 
035 |a SKM000027581 
040 |a SNK  |b slo  |c SNK  |e AACR2 
041 0 |a slo 
044 |a xo  |c SK 
072 7 |a 692  |x Konštrukčné prvky a časti stavieb  |2 konspekt 
080 |a 692.6  |2 2001 
080 |a 624.9  |2 2011 
080 |a (075.8)  |2 2011 
100 1 |a Hykš, Pavol,  |d 1932-2006  |4 aut  |9 37006 
245 1 0 |a Konštrukcie pozemných stavieb  |b (schody)  |c Pavel Hykš - Soňa Žideková - Milan Gáborík 
250 |a 2. nezmen. vyd. 
260 |a Bratislava  |b Slovenská vysoká škola technická v Bratislave, Stavebná fakulta  |c 1970 
300 |a 75, [5] s., 127 s. tab. príl.  |c grafy, ilustr., tab.  |c 29 cm 
366 |e 200 výt. 
504 |a Bibliogr. odkazy 
650 0 7 |a schodištia  |2 SNKPH  |9 69747 
650 0 7 |a pozemné stavby  |2 SNKPH  |9 1612 
650 0 7 |a Staircases  |2 SNKPHeng  |9 409074 
650 0 7 |a Building construction  |2 SNKPHeng  |9 325151 
655 7 |a učebnice vysokých škôl  |2 SNKPH  |9 70191 
655 7 |a Textbooks (higher)  |2 SNKPHeng  |9 276436 
700 1 |a Žideková, Soňa  |4 aut  |9 284441 
700 1 |a Gáborík, Milan  |4 aut  |9 278970 
852 |a Slovenská národná knižnica 
954 |a odborná, vedecká literatúra pôvodná (slovenská)  |2 lita 
958 |a OND 
958 |a RM 
958 |a TL 
958 |a NB 
958 |a UV 
958 |a RK 
958 |a EUIPO 
999 |c 932552  |d 934482 
952 |t P60, <04>, [BOOK], {604}  |a SNK  |b SNK  |y VYP  |7 0  |p 17A0087076  |o snkSB 16141 D2  |i snkKSP 6272/70  |0 0  |1 0  |4 0  |d 1997-07-30  |l 0  |r 2005-01-02 00:00:00  |w 2026-02-24 
952 |a SNK  |b SNK  |y PREZ  |7 0  |p 17A0808413  |o snkSB 16141  |i snkKSP 5397/70  |0 0  |1 0  |4 0  |d 2012-07-23  |f 1  |l 0  |r 2026-02-24 08:53:31  |w 2026-02-24 
952 |a SNK  |b SNK  |y VYP  |7 0  |o snkSB 16141 D1  |i snkKSP 5398/70  |0 0  |1 0  |4 0  |d 2015-01-15  |l 0  |r 2026-02-24 08:53:31  |w 2026-02-24 
952 |a SNK  |b SNK  |y VYP  |7 0  |o snkSB 16141 D3  |i snkKSP 6273/70  |0 0  |1 0  |4 0  |d 2015-01-15  |l 0  |r 2026-02-24 08:53:31  |w 2026-02-24